00775nam a22001937a 450000500170000001000150001702000260003203500140005803700130007208200080008510000260009324501400011926000510025927000680031030000200037894200220039899900190042095201420043920240328141621.0 aENG-139185 c700.00a9789355320278 aEN-122717 bDBAD/PUB a910 aSaini, Bhumika964060 aINDIAN AND WORLD GEOGHAPHY:bFor Civil Services Preliminary and Main Examinations and other Competitive Examinations/cBy BHUMIKA SAINI achennaibMc Graw Hill Education Pvt. Ltdc2022 aAnjana Complex No.5/90A,Butt ,St.Thomas Mount bchennaie600016 a850p.c24cm(pb) 2ddccENmSAIh910 c200675d200675 001040708NFICaBNbBNd2024-03-01eDBAD/PUBg700.00l2oSAI 910pEN-122717r2026-02-27 00:00:00s2026-02-11t1v700.00w2024-03-01yEN